000 02016nam a2200517 c 4500
001 02751
003 DO-SdBPM
005 20250805093600.0
007 ta
008 151021s1999 cl a | |||| 000 0 spa
015 _a
017 _a
_b
020 _a9586009726
035 _a
040 _aDO-SdBPM
_bspa
_cBPMSU
_e rda
080 _a
082 4 _a658.8
_bP393c 1999
_2 22
100 1 _a Pelton, Lou E.
_eautor
_4
240 _l
245 1 0 _a Canales de marketing y distribución comercial :
_b el más práctico y efectivo sistema gerencial para el manejo integrado y relacional de los canales de marketing /
_c Lou E. Pelton, David Strutton, James R. Lumpkin ; traducción Gladys Arango Medina ; revisión técnica Enrique Luque Carulla ; fotografía general William Montoya Ladino.
250 _a
260 _aMéxico D.F. :
_b McGraw Hill,
_c1999
300 _aXXV, 542 páginas :
_b ilustraciones ;
_c26 cm
336 _aTexto
_bn
_2rdacontent
337 _asin mediación
_bnc
_2rdamedia
338 _avolumen
_bnc
_2rdacarrier
500 _a Incluye los aspectos legales y administrativos de franquicias, fusiones y alianzas estratégicas ; experiencias exitosas de América, Europa y Oceanía.
500 _a Incluye índice.
500 _aBestseller internacional
504 _a
534 _pTítulo original :
_tMarketing channels. A relationship management approach.
590 _aInventariado, 2025/VM
650 7 _a Mercadeo.
_2
650 7 _aPlanificación del mercadeo.
650 7 _aCanales de comercialización.
650 7 _aCampañas publicitarias.
650 7 _aAnálisis de mercadeo.
700 1 _aStrutton, David.
_4
700 1 _a Lumpkin, James R.
700 1 _a Arango Medina, Gladys,
_etraductor
700 1 _aLuque Carulla, Enrique,
_d1930-2006,
_erevisión
700 1 _aSolano Arévalo, Lily,
_4ed.
700 1 _aMontoya Ladino, William
_eil.
910 _aVMateo V. Control de calidad. BPMSU
942 _2ddc
_cBK
999 _c10283
_d10283